00490nam a22001457a 450000500170000001000130001702000260003003700220005608200110007810000250008924500850011426000390019927000790023830000270031720221014170751.0 aB-745971 a9789386446107c475.00 bSage Publications a342.54 aChakrabarty, Bidyut  aIndian constitution: btext, context and interpretation /cby Bidyut Chakrabarty aNew DelhibSage Publicationsc2017 aB1/I-1, Mohan Cooperative Industrial Area, Mathura RoadbNew Delhie110044 axvii, 373p.c24cm(pbk)